Central Library OPAC University of Rajshahi
Normal view MARC view

Entry Personal Name

Number of records used in: 5

001 - CONTROL NUMBER

  • control field: 4270

003 - CONTROL NUMBER IDENTIFIER

  • control field: BD-RjUL

005 - DATE AND TIME OF LATEST TRANSACTION

  • control field: 20220804104128.0

008 - FIXED-LENGTH DATA ELEMENTS

  • fixed length control field: 220804|| aca||aabn | a|a d

040 ## - CATALOGING SOURCE

  • Original cataloging agency: BD-RjUL
  • Transcribing agency: BD-RjUL

100 ## - HEADING--PERSONAL NAME

  • Personal name: Hill, Marquita K.
  • Fuller form of name: (Marquita Kaya)

670 ## - SOURCE DATA FOUND

  • Source citation: Work cat.: (BD-RjUL)80167: Hill, Marquita K. (Marquita Kaya), Understanding environmental pollution /, 2010, [printing 2013]